000 00255nam a2200109Ia 4500
008 190914s9999||||xx |||||||||||||| ||und||
100 _aMichael . Solomon
245 0 _aConsumer Behavior
260 _aDelhi
_bViva Books
_c1998
300 _a275
942 _cBK
999 _c8904
_d8904